Từ điển Yhọc Anh - Pháp - Nga - La tinh - Nhật - Việt
v.v...
Đã lưu trong:
| Tác giả chính: | |
|---|---|
| Định dạng: | Sách |
| Năm xuất bản: |
H.
Khoa học và kỹ thuật
2001
|
| Chủ đề: | |
| Tags: |
Thêm thẻ
Không có thẻ, Hãy là người đầu tiên gắn thẻ bản ghi này!
|
| LEADER | 02329nam a2200349 4500 | ||
|---|---|---|---|
| 082 | |a 610.3 |b C450C | ||
| 100 | |a Xôcôlôp, I.A | ||
| 245 | |a Từ điển Yhọc Anh - Pháp - Nga - La tinh - Nhật - Việt |c I.A Xôcôlôp; Trương Cam Bảo | ||
| 260 | |a H. |b Khoa học và kỹ thuật |c 2001 | ||
| 300 | |a 1235 tr. |c 24 cm. | ||
| 520 | |a v.v... | ||
| 653 | |a Y học | ||
| 653 | |a Tiếng Anh | ||
| 653 | |a Tiếng Pháp | ||
| 653 | |a Tiếng Nga | ||
| 653 | |a Tiếng Latinh | ||
| 653 | |a Tiếng Nhật | ||
| 653 | |a Tiếng Việt | ||
| 653 | |a Từ điển | ||
| 942 | |2 ddc |c STK0 | ||
| 999 | |c 3828 |d 3828 | ||
| 952 | |0 0 |1 0 |2 ddc |4 0 |6 610_300000000000000_C450C |7 1 |8 600 |9 38927 |a qbu |b qbu |c D4 |d 2014-12-17 |g 340000 |o 610.3 C450C |p 3088.c1 |r 0000-00-00 |w 2014-12-17 |y STK0 | ||
| 952 | |0 0 |1 0 |2 ddc |4 0 |6 610_300000000000000_C450C |7 0 |8 600 |9 38928 |a qbu |b qbu |c D4 |d 2014-12-17 |g 340000 |o 610.3 C450C |p 3088.c2 |r 0000-00-00 |w 2014-12-17 |y STK0 | ||
| 952 | |0 0 |1 0 |2 ddc |4 0 |6 610_300000000000000_C450C |7 0 |8 600 |9 38929 |a qbu |b qbu |c D4 |d 2014-12-17 |g 340000 |o 610.3 C450C |p 3088.c3 |r 0000-00-00 |w 2014-12-17 |y STK0 | ||
| 952 | |0 0 |1 0 |2 ddc |4 0 |6 610_300000000000000_C450C |7 0 |8 600 |9 38930 |a qbu |b qbu |c D4 |d 2014-12-17 |g 340000 |o 610.3 C450C |p 3088.c4 |r 0000-00-00 |w 2014-12-17 |y STK0 | ||
| 952 | |0 0 |1 0 |2 ddc |4 0 |6 610_300000000000000_C450C |7 0 |8 600 |9 38931 |a qbu |b qbu |c D4 |d 2014-12-17 |g 340000 |o 610.3 C450C |p 3088.c5 |r 0000-00-00 |w 2014-12-17 |y STK0 | ||
| 952 | |0 0 |1 0 |2 ddc |4 0 |6 610_300000000000000_C450C |7 0 |8 600 |9 38932 |a qbu |b qbu |c D4 |d 2014-12-17 |g 340000 |o 610.3 C450C |p 3088.c6 |r 0000-00-00 |w 2014-12-17 |y STK0 | ||
| 952 | |0 0 |1 0 |2 ddc |4 0 |6 610_300000000000000_C450C |7 0 |8 600 |9 38933 |a qbu |b qbu |c D4 |d 2014-12-17 |g 340000 |o 610.3 C450C |p 3088.c7 |r 0000-00-00 |w 2014-12-17 |y STK0 | ||
| 952 | |0 0 |1 0 |2 ddc |4 0 |6 610_300000000000000_C450C |7 0 |8 600 |9 38934 |a qbu |b qbu |c D4 |d 2014-12-17 |g 340000 |o 610.3 C450C |p 3088.c8 |r 0000-00-00 |w 2014-12-17 |y STK0 | ||
| 952 | |0 0 |1 0 |2 ddc |4 0 |6 610_300000000000000_C450C |7 0 |8 600 |9 38935 |a qbu |b qbu |c D4 |d 2014-12-17 |g 340000 |o 610.3 C450C |p 3088.c9 |r 0000-00-00 |w 2014-12-17 |y STK0 | ||
| 952 | |0 0 |1 0 |2 ddc |4 0 |6 610_300000000000000_C450C |7 0 |8 600 |9 38936 |a qbu |b qbu |c D4 |d 2014-12-17 |g 340000 |o 610.3 C450C |p 3088.c10 |r 0000-00-00 |w 2014-12-17 |y STK0 | ||
| 952 | |0 0 |1 0 |2 ddc |4 0 |6 610_300000000000000_C450C |7 0 |8 600 |9 38937 |a qbu |b qbu |c D4 |d 2014-12-17 |g 340000 |o 610.3 C450C |p 3088.c11 |r 0000-00-00 |w 2014-12-17 |y STK0 | ||